00562nam a2200169 a 450000100060000000300090000600800410001502000180005604000280007408200200010210000230012224500710014526000320021630000090024865000760025765000590033323684CO-ViMGA141112s2004 ck r 000 u spa d a9789583034114 aCO-ViMGAbspacCO-ViMGA04aI 970.017 M675n1 aMorley, Jacqueline10aíNo te gustaria ser un colono Américano! / cJacqueline Morley aColombia : bpanAméricana a32p.14a2 : COLONIZADORES - HISTORIA - América DEL NORTE - LITERATURA JUVENIL14aCOLONIAS EN América - HISTORIA - LITERATURA JUVENIL